<?xml version="1.0" encoding="UTF-8"?>
<record
    xmlns:xsi="http://www.w3.org/2001/XMLSchema-instance"
    xsi:schemaLocation="http://www.loc.gov/MARC21/slim http://www.loc.gov/standards/marcxml/schema/MARC21slim.xsd"
    xmlns="http://www.loc.gov/MARC21/slim">

  <leader>00939nam a2200301 a 4500</leader>
  <datafield tag="999" ind1=" " ind2=" ">
    <subfield code="c">4706</subfield>
    <subfield code="d">4706</subfield>
  </datafield>
  <controlfield tag="001">11817</controlfield>
  <controlfield tag="003">BD-DhUAP</controlfield>
  <controlfield tag="005">20201118122826.0</controlfield>
  <controlfield tag="008">090729r20082001enka          000 0 eng d</controlfield>
  <datafield tag="020" ind1=" " ind2=" ">
    <subfield code="a">8131500810</subfield>
  </datafield>
  <datafield tag="020" ind1=" " ind2=" ">
    <subfield code="a">9788131500811</subfield>
  </datafield>
  <datafield tag="040" ind1=" " ind2=" ">
    <subfield code="a">DLC</subfield>
    <subfield code="c">DLC</subfield>
    <subfield code="d">BD-DhUAP</subfield>
    <subfield code="b">Eng</subfield>
  </datafield>
  <datafield tag="082" ind1="0" ind2="0">
    <subfield code="2">23</subfield>
    <subfield code="a">543.5 PAV</subfield>
  </datafield>
  <datafield tag="100" ind1=" " ind2=" ">
    <subfield code="a">Pavia, Donald L.</subfield>
  </datafield>
  <datafield tag="245" ind1=" " ind2=" ">
    <subfield code="a">Introduction to spectroscopy : </subfield>
    <subfield code="b">a guide for students of organic chemistry /</subfield>
    <subfield code="c">Donald L. Pavia, Gary M. Lampman and George S. Kriz.</subfield>
  </datafield>
  <datafield tag="250" ind1=" " ind2=" ">
    <subfield code="a">3rd ed.</subfield>
  </datafield>
  <datafield tag="260" ind1=" " ind2=" ">
    <subfield code="a">Australia :</subfield>
    <subfield code="b">Thomson,</subfield>
    <subfield code="c">c2001 [Reprinted 2008].</subfield>
  </datafield>
  <datafield tag="300" ind1=" " ind2=" ">
    <subfield code="a">various pages :</subfield>
    <subfield code="b">illustrations ;</subfield>
    <subfield code="c">26 cm.</subfield>
  </datafield>
  <datafield tag="500" ind1=" " ind2=" ">
    <subfield code="a">Includes index.</subfield>
  </datafield>
  <datafield tag="650" ind1=" " ind2=" ">
    <subfield code="a">Spectrum analysis.</subfield>
  </datafield>
  <datafield tag="650" ind1=" " ind2=" ">
    <subfield code="a">Organic compounds</subfield>
    <subfield code="x">Analysis.</subfield>
  </datafield>
  <datafield tag="650" ind1=" " ind2=" ">
    <subfield code="a">Chemistry, Organic.</subfield>
  </datafield>
  <datafield tag="700" ind1=" " ind2=" ">
    <subfield code="a">Lampman, Gary M.</subfield>
  </datafield>
  <datafield tag="700" ind1=" " ind2=" ">
    <subfield code="a">Kriz, George S.</subfield>
  </datafield>
  <datafield tag="942" ind1=" " ind2=" ">
    <subfield code="2">ddc</subfield>
    <subfield code="c">BK</subfield>
  </datafield>
  <datafield tag="952" ind1=" " ind2=" ">
    <subfield code="0">0</subfield>
    <subfield code="1">0</subfield>
    <subfield code="2">ddc</subfield>
    <subfield code="4">0</subfield>
    <subfield code="7">0</subfield>
    <subfield code="a">UAPCL</subfield>
    <subfield code="b">UAPCL</subfield>
    <subfield code="c">General Stacks</subfield>
    <subfield code="d">2020-11-17</subfield>
    <subfield code="o">543.5 PAV</subfield>
    <subfield code="p">3010011817</subfield>
    <subfield code="r">2020-11-17</subfield>
    <subfield code="t">1</subfield>
    <subfield code="w">2020-11-17</subfield>
    <subfield code="y">BK</subfield>
  </datafield>
  <datafield tag="952" ind1=" " ind2=" ">
    <subfield code="0">0</subfield>
    <subfield code="1">0</subfield>
    <subfield code="2">ddc</subfield>
    <subfield code="4">0</subfield>
    <subfield code="7">0</subfield>
    <subfield code="a">UAPCL</subfield>
    <subfield code="b">UAPCL</subfield>
    <subfield code="c">General Stacks</subfield>
    <subfield code="d">2020-11-18</subfield>
    <subfield code="o">543.5 PAV</subfield>
    <subfield code="p">3010014905</subfield>
    <subfield code="r">2020-11-18</subfield>
    <subfield code="t">2</subfield>
    <subfield code="w">2020-11-18</subfield>
    <subfield code="y">BK</subfield>
  </datafield>
  <datafield tag="952" ind1=" " ind2=" ">
    <subfield code="0">0</subfield>
    <subfield code="1">0</subfield>
    <subfield code="2">ddc</subfield>
    <subfield code="4">0</subfield>
    <subfield code="7">0</subfield>
    <subfield code="a">UAPCL</subfield>
    <subfield code="b">UAPCL</subfield>
    <subfield code="c">General Stacks</subfield>
    <subfield code="d">2020-11-18</subfield>
    <subfield code="o">543.5 PAV</subfield>
    <subfield code="p">3010003946</subfield>
    <subfield code="r">2020-11-18</subfield>
    <subfield code="t">3</subfield>
    <subfield code="w">2020-11-18</subfield>
    <subfield code="y">BK</subfield>
  </datafield>
  <datafield tag="952" ind1=" " ind2=" ">
    <subfield code="0">0</subfield>
    <subfield code="1">0</subfield>
    <subfield code="2">ddc</subfield>
    <subfield code="4">0</subfield>
    <subfield code="7">0</subfield>
    <subfield code="a">UAPCL</subfield>
    <subfield code="b">UAPCL</subfield>
    <subfield code="c">General Stacks</subfield>
    <subfield code="d">2020-11-18</subfield>
    <subfield code="o">543.5 PAV</subfield>
    <subfield code="p">3010014906</subfield>
    <subfield code="r">2020-11-18</subfield>
    <subfield code="t">4</subfield>
    <subfield code="w">2020-11-18</subfield>
    <subfield code="y">BK</subfield>
  </datafield>
  <datafield tag="952" ind1=" " ind2=" ">
    <subfield code="0">0</subfield>
    <subfield code="1">0</subfield>
    <subfield code="2">ddc</subfield>
    <subfield code="4">0</subfield>
    <subfield code="7">0</subfield>
    <subfield code="a">UAPCL</subfield>
    <subfield code="b">UAPCL</subfield>
    <subfield code="c">General Stacks</subfield>
    <subfield code="d">2020-11-18</subfield>
    <subfield code="o">543.5 PAV</subfield>
    <subfield code="p">3010011820</subfield>
    <subfield code="r">2020-11-18</subfield>
    <subfield code="t">5</subfield>
    <subfield code="w">2020-11-18</subfield>
    <subfield code="y">BK</subfield>
  </datafield>
  <datafield tag="952" ind1=" " ind2=" ">
    <subfield code="0">0</subfield>
    <subfield code="1">0</subfield>
    <subfield code="2">ddc</subfield>
    <subfield code="4">0</subfield>
    <subfield code="7">0</subfield>
    <subfield code="a">UAPCL</subfield>
    <subfield code="b">UAPCL</subfield>
    <subfield code="c">General Stacks</subfield>
    <subfield code="d">2020-11-18</subfield>
    <subfield code="o">543.5 PAV</subfield>
    <subfield code="p">3010011822</subfield>
    <subfield code="r">2020-11-18</subfield>
    <subfield code="t">6</subfield>
    <subfield code="w">2020-11-18</subfield>
    <subfield code="y">BK</subfield>
  </datafield>
  <datafield tag="952" ind1=" " ind2=" ">
    <subfield code="0">0</subfield>
    <subfield code="1">0</subfield>
    <subfield code="2">ddc</subfield>
    <subfield code="4">0</subfield>
    <subfield code="7">0</subfield>
    <subfield code="a">UAPCL</subfield>
    <subfield code="b">UAPCL</subfield>
    <subfield code="c">General Stacks</subfield>
    <subfield code="d">2020-11-18</subfield>
    <subfield code="l">1</subfield>
    <subfield code="o">543.5 PAV</subfield>
    <subfield code="p">3010014908</subfield>
    <subfield code="r">2022-09-26</subfield>
    <subfield code="s">2022-09-21</subfield>
    <subfield code="t">7</subfield>
    <subfield code="w">2020-11-18</subfield>
    <subfield code="y">BK</subfield>
  </datafield>
  <datafield tag="952" ind1=" " ind2=" ">
    <subfield code="0">0</subfield>
    <subfield code="1">0</subfield>
    <subfield code="2">ddc</subfield>
    <subfield code="4">0</subfield>
    <subfield code="7">0</subfield>
    <subfield code="a">UAPCL</subfield>
    <subfield code="b">UAPCL</subfield>
    <subfield code="c">General Stacks</subfield>
    <subfield code="d">2020-11-18</subfield>
    <subfield code="o">543.5 PAV</subfield>
    <subfield code="p">3010011818</subfield>
    <subfield code="r">2020-11-18</subfield>
    <subfield code="t">8</subfield>
    <subfield code="w">2020-11-18</subfield>
    <subfield code="y">BK</subfield>
  </datafield>
  <datafield tag="952" ind1=" " ind2=" ">
    <subfield code="0">0</subfield>
    <subfield code="1">0</subfield>
    <subfield code="2">ddc</subfield>
    <subfield code="4">0</subfield>
    <subfield code="7">0</subfield>
    <subfield code="a">UAPCL</subfield>
    <subfield code="b">UAPCL</subfield>
    <subfield code="c">General Stacks</subfield>
    <subfield code="d">2020-11-18</subfield>
    <subfield code="l">2</subfield>
    <subfield code="m">2</subfield>
    <subfield code="o">543.5 PAV</subfield>
    <subfield code="p">3010014907</subfield>
    <subfield code="r">2026-04-05</subfield>
    <subfield code="s">2026-02-19</subfield>
    <subfield code="t">9</subfield>
    <subfield code="w">2020-11-18</subfield>
    <subfield code="y">BK</subfield>
  </datafield>
  <datafield tag="952" ind1=" " ind2=" ">
    <subfield code="0">0</subfield>
    <subfield code="1">0</subfield>
    <subfield code="2">ddc</subfield>
    <subfield code="4">0</subfield>
    <subfield code="7">0</subfield>
    <subfield code="a">UAPCL</subfield>
    <subfield code="b">UAPCL</subfield>
    <subfield code="c">General Stacks</subfield>
    <subfield code="d">2020-11-18</subfield>
    <subfield code="l">1</subfield>
    <subfield code="o">543.5 PAV</subfield>
    <subfield code="p">3010014912</subfield>
    <subfield code="r">2022-10-03</subfield>
    <subfield code="s">2022-09-15</subfield>
    <subfield code="t">10</subfield>
    <subfield code="w">2020-11-18</subfield>
    <subfield code="y">BK</subfield>
  </datafield>
  <datafield tag="952" ind1=" " ind2=" ">
    <subfield code="0">0</subfield>
    <subfield code="1">0</subfield>
    <subfield code="2">ddc</subfield>
    <subfield code="4">0</subfield>
    <subfield code="7">0</subfield>
    <subfield code="a">UAPCL</subfield>
    <subfield code="b">UAPCL</subfield>
    <subfield code="c">General Stacks</subfield>
    <subfield code="d">2020-11-18</subfield>
    <subfield code="o">543.5 PAV</subfield>
    <subfield code="p">3010011815</subfield>
    <subfield code="r">2020-11-18</subfield>
    <subfield code="t">11</subfield>
    <subfield code="w">2020-11-18</subfield>
    <subfield code="y">BK</subfield>
  </datafield>
  <datafield tag="952" ind1=" " ind2=" ">
    <subfield code="0">0</subfield>
    <subfield code="1">0</subfield>
    <subfield code="2">ddc</subfield>
    <subfield code="4">0</subfield>
    <subfield code="7">0</subfield>
    <subfield code="a">UAPCL</subfield>
    <subfield code="b">UAPCL</subfield>
    <subfield code="c">General Stacks</subfield>
    <subfield code="d">2020-11-18</subfield>
    <subfield code="o">543.5 PAV</subfield>
    <subfield code="p">3010014910</subfield>
    <subfield code="r">2020-11-18</subfield>
    <subfield code="t">12</subfield>
    <subfield code="w">2020-11-18</subfield>
    <subfield code="y">BK</subfield>
  </datafield>
  <datafield tag="952" ind1=" " ind2=" ">
    <subfield code="0">0</subfield>
    <subfield code="1">0</subfield>
    <subfield code="2">ddc</subfield>
    <subfield code="4">0</subfield>
    <subfield code="7">0</subfield>
    <subfield code="a">UAPCL</subfield>
    <subfield code="b">UAPCL</subfield>
    <subfield code="c">General Stacks</subfield>
    <subfield code="d">2020-11-18</subfield>
    <subfield code="o">543.5 PAV</subfield>
    <subfield code="p">3010014911</subfield>
    <subfield code="r">2020-11-18</subfield>
    <subfield code="t">13</subfield>
    <subfield code="w">2020-11-18</subfield>
    <subfield code="y">BK</subfield>
  </datafield>
  <datafield tag="952" ind1=" " ind2=" ">
    <subfield code="0">0</subfield>
    <subfield code="1">0</subfield>
    <subfield code="2">ddc</subfield>
    <subfield code="4">0</subfield>
    <subfield code="7">0</subfield>
    <subfield code="a">UAPCL</subfield>
    <subfield code="b">UAPCL</subfield>
    <subfield code="c">General Stacks</subfield>
    <subfield code="d">2020-11-18</subfield>
    <subfield code="o">543.5 PAV</subfield>
    <subfield code="p">3010011824</subfield>
    <subfield code="r">2020-11-18</subfield>
    <subfield code="t">14</subfield>
    <subfield code="w">2020-11-18</subfield>
    <subfield code="y">BK</subfield>
  </datafield>
  <datafield tag="952" ind1=" " ind2=" ">
    <subfield code="0">0</subfield>
    <subfield code="1">0</subfield>
    <subfield code="2">ddc</subfield>
    <subfield code="4">0</subfield>
    <subfield code="7">0</subfield>
    <subfield code="a">UAPCL</subfield>
    <subfield code="b">UAPCL</subfield>
    <subfield code="c">General Stacks</subfield>
    <subfield code="d">2020-11-18</subfield>
    <subfield code="o">543.5 PAV</subfield>
    <subfield code="p">3010011816</subfield>
    <subfield code="r">2020-11-18</subfield>
    <subfield code="t">15</subfield>
    <subfield code="w">2020-11-18</subfield>
    <subfield code="y">BK</subfield>
  </datafield>
  <datafield tag="952" ind1=" " ind2=" ">
    <subfield code="0">0</subfield>
    <subfield code="1">0</subfield>
    <subfield code="2">ddc</subfield>
    <subfield code="4">0</subfield>
    <subfield code="7">0</subfield>
    <subfield code="a">UAPCL</subfield>
    <subfield code="b">UAPCL</subfield>
    <subfield code="c">General Stacks</subfield>
    <subfield code="d">2020-11-18</subfield>
    <subfield code="o">543.5 PAV</subfield>
    <subfield code="p">3010014904</subfield>
    <subfield code="r">2020-11-18</subfield>
    <subfield code="t">16</subfield>
    <subfield code="w">2020-11-18</subfield>
    <subfield code="y">BK</subfield>
  </datafield>
  <datafield tag="952" ind1=" " ind2=" ">
    <subfield code="0">0</subfield>
    <subfield code="1">0</subfield>
    <subfield code="2">ddc</subfield>
    <subfield code="4">0</subfield>
    <subfield code="7">0</subfield>
    <subfield code="a">UAPCL</subfield>
    <subfield code="b">UAPCL</subfield>
    <subfield code="c">General Stacks</subfield>
    <subfield code="d">2020-11-18</subfield>
    <subfield code="l">2</subfield>
    <subfield code="o">543.5 PAV</subfield>
    <subfield code="p">3010014903</subfield>
    <subfield code="r">2022-09-28</subfield>
    <subfield code="s">2022-09-13</subfield>
    <subfield code="t">17</subfield>
    <subfield code="w">2020-11-18</subfield>
    <subfield code="y">BK</subfield>
  </datafield>
  <datafield tag="952" ind1=" " ind2=" ">
    <subfield code="0">0</subfield>
    <subfield code="1">0</subfield>
    <subfield code="2">ddc</subfield>
    <subfield code="4">0</subfield>
    <subfield code="7">0</subfield>
    <subfield code="a">UAPCL</subfield>
    <subfield code="b">UAPCL</subfield>
    <subfield code="c">General Stacks</subfield>
    <subfield code="d">2020-11-18</subfield>
    <subfield code="o">543.5 PAV</subfield>
    <subfield code="p">3010011819</subfield>
    <subfield code="r">2020-11-18</subfield>
    <subfield code="t">18</subfield>
    <subfield code="w">2020-11-18</subfield>
    <subfield code="y">BK</subfield>
  </datafield>
  <datafield tag="952" ind1=" " ind2=" ">
    <subfield code="0">0</subfield>
    <subfield code="1">0</subfield>
    <subfield code="2">ddc</subfield>
    <subfield code="4">0</subfield>
    <subfield code="7">0</subfield>
    <subfield code="a">UAPCL</subfield>
    <subfield code="b">UAPCL</subfield>
    <subfield code="c">General Stacks</subfield>
    <subfield code="d">2020-11-18</subfield>
    <subfield code="l">1</subfield>
    <subfield code="o">543.5 PAV</subfield>
    <subfield code="p">3010011823</subfield>
    <subfield code="r">2023-01-18</subfield>
    <subfield code="s">2022-09-25</subfield>
    <subfield code="t">19</subfield>
    <subfield code="w">2020-11-18</subfield>
    <subfield code="y">BK</subfield>
  </datafield>
  <datafield tag="952" ind1=" " ind2=" ">
    <subfield code="0">0</subfield>
    <subfield code="1">0</subfield>
    <subfield code="2">ddc</subfield>
    <subfield code="4">0</subfield>
    <subfield code="7">0</subfield>
    <subfield code="a">UAPCL</subfield>
    <subfield code="b">UAPCL</subfield>
    <subfield code="c">General Stacks</subfield>
    <subfield code="d">2020-11-18</subfield>
    <subfield code="l">1</subfield>
    <subfield code="o">543.5 PAV</subfield>
    <subfield code="p">3010014909</subfield>
    <subfield code="r">2023-01-09</subfield>
    <subfield code="s">2022-12-18</subfield>
    <subfield code="t">20</subfield>
    <subfield code="w">2020-11-18</subfield>
    <subfield code="y">BK</subfield>
  </datafield>
  <datafield tag="952" ind1=" " ind2=" ">
    <subfield code="0">0</subfield>
    <subfield code="1">0</subfield>
    <subfield code="2">ddc</subfield>
    <subfield code="4">0</subfield>
    <subfield code="7">0</subfield>
    <subfield code="a">UAPCL</subfield>
    <subfield code="b">UAPCL</subfield>
    <subfield code="c">Reserve Stacks</subfield>
    <subfield code="d">2020-11-18</subfield>
    <subfield code="o">543.5 PAV</subfield>
    <subfield code="p">3010011380</subfield>
    <subfield code="r">2021-01-25</subfield>
    <subfield code="t">21</subfield>
    <subfield code="w">2020-11-18</subfield>
    <subfield code="y">BK</subfield>
  </datafield>
  <datafield tag="952" ind1=" " ind2=" ">
    <subfield code="0">0</subfield>
    <subfield code="1">0</subfield>
    <subfield code="2">ddc</subfield>
    <subfield code="4">0</subfield>
    <subfield code="7">0</subfield>
    <subfield code="a">UAPCL</subfield>
    <subfield code="b">UAPCL</subfield>
    <subfield code="c">Reserve Stacks</subfield>
    <subfield code="d">2020-11-18</subfield>
    <subfield code="o">543.5 PAV</subfield>
    <subfield code="p">3010011381</subfield>
    <subfield code="r">2021-01-25</subfield>
    <subfield code="t">22</subfield>
    <subfield code="w">2020-11-18</subfield>
    <subfield code="y">BK</subfield>
  </datafield>
  <datafield tag="952" ind1=" " ind2=" ">
    <subfield code="0">0</subfield>
    <subfield code="1">0</subfield>
    <subfield code="2">ddc</subfield>
    <subfield code="4">0</subfield>
    <subfield code="7">0</subfield>
    <subfield code="a">UAPCL</subfield>
    <subfield code="b">UAPCL</subfield>
    <subfield code="c">Reserve Stacks</subfield>
    <subfield code="d">2020-11-18</subfield>
    <subfield code="o">543.5 PAV</subfield>
    <subfield code="p">3010011378</subfield>
    <subfield code="r">2021-01-25</subfield>
    <subfield code="t">23</subfield>
    <subfield code="w">2020-11-18</subfield>
    <subfield code="y">BK</subfield>
  </datafield>
  <datafield tag="952" ind1=" " ind2=" ">
    <subfield code="0">0</subfield>
    <subfield code="1">0</subfield>
    <subfield code="2">ddc</subfield>
    <subfield code="4">0</subfield>
    <subfield code="7">0</subfield>
    <subfield code="a">UAPCL</subfield>
    <subfield code="b">UAPCL</subfield>
    <subfield code="c">Reserve Stacks</subfield>
    <subfield code="d">2021-01-27</subfield>
    <subfield code="o">543.5 PAV</subfield>
    <subfield code="p">3010011377</subfield>
    <subfield code="r">2021-01-27</subfield>
    <subfield code="t">24</subfield>
    <subfield code="w">2021-01-27</subfield>
    <subfield code="y">BK</subfield>
  </datafield>
  <datafield tag="952" ind1=" " ind2=" ">
    <subfield code="0">0</subfield>
    <subfield code="1">0</subfield>
    <subfield code="2">ddc</subfield>
    <subfield code="4">0</subfield>
    <subfield code="7">0</subfield>
    <subfield code="a">UAPCL</subfield>
    <subfield code="b">UAPCL</subfield>
    <subfield code="c">Reserve Stacks</subfield>
    <subfield code="d">2021-01-27</subfield>
    <subfield code="o">543.5 PAV</subfield>
    <subfield code="p">3010011379</subfield>
    <subfield code="r">2021-01-27</subfield>
    <subfield code="t">25</subfield>
    <subfield code="w">2021-01-27</subfield>
    <subfield code="y">BK</subfield>
  </datafield>
  <datafield tag="952" ind1=" " ind2=" ">
    <subfield code="0">0</subfield>
    <subfield code="1">0</subfield>
    <subfield code="2">ddc</subfield>
    <subfield code="4">0</subfield>
    <subfield code="7">0</subfield>
    <subfield code="a">UAPCL</subfield>
    <subfield code="b">UAPCL</subfield>
    <subfield code="c">General Stacks</subfield>
    <subfield code="d">2021-01-31</subfield>
    <subfield code="o">543.5 PAV</subfield>
    <subfield code="p">3010011821</subfield>
    <subfield code="r">2021-01-31</subfield>
    <subfield code="t">26</subfield>
    <subfield code="w">2021-01-31</subfield>
    <subfield code="y">BK</subfield>
  </datafield>
</record>
